| 000 | 00677nam a2200205Ia 4500 | ||
|---|---|---|---|
| 003 | GCL | ||
| 008 | 140319s9999 xx 000 0 ara d | ||
| 020 | _a237002977 | ||
| 040 |
_aGCL / _cGCL |
||
| 082 | 0 | 4 |
_a371.1024 _bف م |
| 100 | 1 | _aفاطمة ابراهيم حميدة | |
| 245 | 1 | 0 |
_aمداخل واستراتيجيات فى ادارة الصف / _cفاطمة ابراهيم حميدة |
| 250 | _aالاولى | ||
| 260 |
_aالقاهرة : _bمكتبة النهضة المصرية ، _c1998 |
||
| 300 |
_a239 ص ؛ _c24 سم |
||
| 650 | 0 | 4 | _aطرق التدريس |
| 650 | 0 | 4 | _aالتعليم - طرق تدريس |
| 650 | 0 | 4 | _aادارة الصف |
| 942 |
_2ddc _cBK |
||
| 999 |
_c6389 _d6389 |
||